Poverty and vulnerability in rural Bangladesh / (Record no. 40378)
[ view plain ]
| 000 -LEADER | |
|---|---|
| fixed length control field | 00979cam a22002655i 4500 |
| 001 - CONTROL NUMBER | |
| control field | 40378 |
| 003 - CONTROL NUMBER IDENTIFIER | |
| rucl marc code | BD-RjUL |
| 005 - DATE AND TIME OF LATEST TRANSACTION | |
| control field | 20211209053212.0 |
| 008 - FIXED-LENGTH DATA ELEMENTS--GENERAL INFORMATION | |
| fixed length control field | 150816s2015 bg a b 001 0 eng |
| 020 ## - INTERNATIONAL STANDARD BOOK NUMBER | |
| International Standard Book Number | 9789845061605 |
| Terms of availability | : Tk. 850.00 |
| 035 ## - SYSTEM CONTROL NUMBER | |
| System control number | (MFDhaka) 2015357048 |
| -- | (BD-RjUL)40493 |
| 040 ## - CATALOGING SOURCE | |
| Original cataloging agency | DLC |
| Language of cataloging | eng |
| Description conventions | rda |
| Transcribing agency | DLC |
| Modifying agency | DLC |
| -- | DLC |
| -- | BD-RjUL |
| 041 ## - LANGUAGE CODE | |
| Language code of text/sound track or separate title | eng |
| 082 04 - DEWEY DECIMAL CLASSIFICATION NUMBER | |
| Edition number | 23 |
| Classification number | 339.46095492 |
| Author mark and year | OSP 2015 |
| 100 1# - MAIN ENTRY--PERSONAL NAME | |
| Personal name | Osmani, S. R. |
| Fuller form of name | (Siddiqur Rahman) |
| 9 (RLIN) | 124385 |
| 245 10 - TITLE STATEMENT | |
| Title | Poverty and vulnerability in rural Bangladesh / |
| Statement of responsibility, etc. | S.R.Osmani with Meherun Ahmed, Muhammad A. Latif, Binayak Sen. |
| 300 ## - PHYSICAL DESCRIPTION | |
| Pagination | xvi, 236 pages : |
| Illustrations | ill. ; |
| Size | 24 cm. |
| 504 ## - BIBLIOGRAPHY, ETC. NOTE | |
| Bibliography, etc | Includes bibliographical references (pages 225-230) and index. |
| 650 #0 - SUBJECT ADDED ENTRY--TOPICAL TERM | |
| Topical term or geographic name as entry element | Rural poor |
| Geographic subdivision | Bangladesh. |
| 9 (RLIN) | 116711 |
| Topical term or geographic name as entry element | Income distribution |
| Geographic subdivision | Bangladesh. |
| 9 (RLIN) | 124386 |
| 651 #0 - SUBJECT ADDED ENTRY--GEOGRAPHIC NAME | |
| Geographic name | Bangladesh |
| General subdivision | Rural conditions. |
| 9 (RLIN) | 124387 |
| 710 2# - ADDED ENTRY--CORPORATE NAME | |
| Corporate name or jurisdiction name as entry element | Institute of Microfinance (Bangladesh) |
| 9 (RLIN) | 124388 |
| 942 ## - ADDED ENTRY ELEMENTS (KOHA) | |
| Source of classification or shelving scheme | Dewey Decimal Classification |
| Koha item type | Books |
| Lost status | Source of classification or shelving scheme | Damaged status | Not for loan | Collection code | Permanent Location | Current Location | Shelving location | Date acquired | Source of acquisition | Cost, normal purchase price | Total Checkouts | Full call number | Date last seen | Copy number | Koha item type |
|---|---|---|---|---|---|---|---|---|---|---|---|---|---|---|---|
| Dewey Decimal Classification | Not For Loan | Non-fiction | Central Library, University of Rajshahi | Central Library, University of Rajshahi | Reading Room | 11/02/2016 | RUCL | 850.00 | 339.46095492 OSP 2015 | 30/04/2016 | C-1 | Books |